[Event "DEM U10 2024"]
[Site "Willingen GER"]
[Date "2024.05.24"]
[Round "10"]
[White "Schonlau, Leopold"]
[Black "Dintinger, Ata Lucien"]
[Result "0-1"]
[Termination "normal"]
[Board "27"]
[WhiteElo "1359"]
[BlackElo "1096"]
[WhiteClock "00:57:10"]
[BlackClock "01:06:17"]
[PlyCount "114"]
[WhiteFideId "34662545"]
[BlackFideId "34654550"]
[EventCountry "GER"]
[EventRounds "11"]
[EventType "swiss"]
[EventDate "2024.05.18"]

1. e4 {[%clk 01:15:58]} {[%emt 00:00:02]} e5 {[%clk 01:16:25]} {[%emt
00:00:05]} 2. Nf3 {[%clk 01:16:19]} {[%emt 00:00:10]} Nc6 {[%clk 01:16:50]}
{[%emt 00:00:05]} 3. Bc4 {[%clk 01:16:43]} {[%emt 00:00:05]} Nf6 {[%clk
01:17:15]} {[%emt 00:00:06]} 4. Ng5 {[%clk 01:17:08]} {[%emt 00:00:05]} d5
{[%clk 01:17:38]} {[%emt 00:00:07]} 5. exd5 {[%clk 01:17:31]} {[%emt 00:00:06]}
Na5 {[%clk 01:18:03]} {[%emt 00:00:05]} 6. d3 {[%clk 01:17:28]} {[%emt
00:00:33]} h6 {[%clk 01:18:06]} {[%emt 00:00:28]} 7. Nf3 {[%clk 01:17:52]}
{[%emt 00:00:06]} Bd6 {[%clk 01:18:14]} {[%emt 00:00:22]} 8. h3 {[%clk
01:17:19]} {[%emt 00:01:03]} Bf5 {[%clk 01:16:40]} {[%emt 00:02:03]} 9. O-O
{[%clk 01:16:56]} {[%emt 00:00:53]} O-O {[%clk 01:16:33]} {[%emt 00:00:37]} 10.
Nc3 {[%clk 01:15:44]} {[%emt 00:01:42]} a6 {[%clk 01:14:53]} {[%emt 00:02:11]}
11. a4 {[%clk 01:15:27]} {[%emt 00:00:47]} Re8 {[%emt 00:00:45]} 12. Re1 {[%clk
01:13:31]} {[%emt 00:02:24]} e4 {[%clk 01:10:36]} {[%emt 00:04:34]} 13. Nd4
{[%clk 01:13:18]} {[%emt 00:00:43]} Bh7 {[%clk 01:10:12]} {[%emt 00:00:54]} 14.
Be3 {[%clk 01:08:21]} {[%emt 00:05:25]} Nxc4 {[%clk 01:07:51]} {[%emt
00:02:53]} 15. dxc4 {[%clk 01:07:58]} {[%emt 00:00:53]} Qd7 {[%clk 01:04:13]}
{[%emt 00:04:07]} 16. Kh1 {[%clk 01:05:26]} {[%emt 00:02:57]} Qe7 {[%emt
00:01:51]} 17. f3 {[%clk 01:02:42]} {[%emt 00:03:01]} exf3 {[%clk 01:03:10]}
{[%emt 00:00:30]} 18. Nxf3 {[%clk 01:02:39]} {[%emt 00:00:33]} Ne4 {[%clk
01:02:11]} {[%emt 00:01:29]} 19. Nxe4 {[%clk 01:01:40]} {[%emt 00:01:29]} Qxe4
{[%clk 01:02:26]} {[%emt 00:00:15]} 20. Bxh6 {[%clk 00:59:21]} {[%emt
00:02:49]} Qxc2 {[%clk 01:02:31]} {[%emt 00:00:25]} 21. Qxc2 {[%clk 00:59:10]}
{[%emt 00:00:41]} Bxc2 {[%clk 01:02:06]} {[%emt 00:00:54]} 22. Be3 {[%clk
00:58:43]} {[%emt 00:00:55]} Bb3 {[%clk 01:01:41]} {[%emt 00:00:59]} 23. Rac1
{[%clk 00:53:53]} {[%emt 00:05:17]} Bxa4 {[%clk 01:01:53]} {[%emt 00:00:20]}
24. Nd4 {[%clk 00:48:59]} {[%emt 00:05:24]} Re4 {[%clk 01:00:16]} {[%emt
00:02:07]} 25. Nf5 {[%clk 00:48:38]} {[%emt 00:00:49]} Bb4 {[%clk 01:00:14]}
{[%emt 00:00:35]} 26. Re2 {[%clk 00:48:40]} {[%emt 00:00:27]} Rae8 {[%clk
01:00:16]} {[%emt 00:00:26]} 27. g4 {[%clk 00:47:29]} {[%emt 00:01:44]} g6
{[%clk 00:59:22]} {[%emt 00:01:24]} 28. Nh6+ {[%clk 00:47:46]} {[%emt
00:00:12]} Kg7 {[%clk 00:59:33]} {[%emt 00:00:20]} 29. g5 {[%clk 00:47:21]}
{[%emt 00:00:54]} Rxe3 {[%clk 00:59:27]} {[%emt 00:00:36]} 30. Rxe3 {[%clk
00:47:43]} {[%emt 00:00:09]} Rxe3 {[%clk 00:59:49]} {[%emt 00:00:08]} 31. Rf1
{[%clk 00:48:05]} {[%emt 00:00:07]} Re1 {[%clk 01:00:05]} {[%emt 00:00:14]} 32.
Rxe1 {[%clk 00:48:19]} {[%emt 00:00:16]} Bxe1 {[%clk 01:00:28]} {[%emt
00:00:07]} 33. Kg2 {[%clk 00:48:41]} {[%emt 00:00:08]} f6 {[%clk 01:00:37]}
{[%emt 00:00:22]} 34. Ng4 {[%clk 00:48:59]} {[%emt 00:00:12]} fxg5 {[%clk
01:00:38]} {[%emt 00:00:29]} 35. Kf3 {[%clk 00:49:14]} {[%emt 00:00:14]} Bd1+
{[%clk 01:00:56]} {[%emt 00:00:13]} 36. Ke3 {[%clk 00:49:29]} {[%emt 00:00:14]}
Bxg4 {[%clk 01:00:23]} {[%emt 00:01:02]} 37. hxg4 {[%clk 00:49:52]} {[%emt
00:00:08]} Kf6 {[%clk 01:00:43]} {[%emt 00:00:11]} 38. Ke4 {[%clk 00:50:15]}
{[%emt 00:00:07]} Ke7 {[%clk 01:00:52]} {[%emt 00:00:21]} 39. c5 {[%clk
00:50:33]} {[%emt 00:00:12]} Bb4 {[%clk 01:01:06]} {[%emt 00:00:16]} 40. d6+
{[%clk 00:50:52]} {[%emt 00:00:10]} cxd6 {[%clk 01:01:26]} {[%emt 00:00:10]}
41. cxd6+ {[%clk 00:51:20]} {[%emt 00:00:02]} Kxd6 {[%clk 01:01:32]} {[%emt
00:00:24]} 42. Kd4 {[%clk 00:51:43]} {[%emt 00:00:07]} Bc5+ {[%clk 01:01:49]}
{[%emt 00:00:13]} 43. Kc4 {[%clk 00:52:03]} {[%emt 00:00:10]} b5+ {[%clk
01:02:18]} {[%emt 00:00:01]} 44. Kc3 {[%clk 00:52:20]} {[%emt 00:00:13]} Ke5
{[%clk 01:02:37]} {[%emt 00:00:11]} 45. Kd3 {[%clk 00:52:41]} {[%emt 00:00:09]}
Kf4 {[%clk 01:02:50]} {[%emt 00:00:17]} 46. Ke2 {[%clk 00:53:04]} {[%emt
00:00:05]} Kxg4 {[%clk 01:03:10]} {[%emt 00:00:12]} 47. Kf1 {[%clk 00:53:26]}
{[%emt 00:00:08]} Kf3 {[%clk 01:03:32]} {[%emt 00:00:08]} 48. Ke1 {[%clk
00:53:49]} {[%emt 00:00:06]} g4 {[%clk 01:03:50]} {[%emt 00:00:05]} 49. Kf1
{[%clk 00:54:19]} g3 {[%clk 01:04:13]} {[%emt 00:00:15]} 50. Ke1 {[%clk
00:54:46]} {[%emt 00:00:03]} g2 {[%clk 01:04:33]} {[%emt 00:00:10]} 51. Kd1
{[%clk 00:55:14]} {[%emt 00:00:01]} g1=Q+ {[%clk 01:04:48]} {[%emt 00:00:13]}
52. Kc2 {[%clk 00:55:42]} {[%emt 00:00:04]} Qf2+ {[%clk 01:05:02]} {[%emt
00:00:16]} 53. Kd3 {[%clk 00:55:51]} {[%emt 00:00:21]} Qe2+ {[%clk 01:05:00]}
{[%emt 00:00:31]} 54. Kc3 {[%clk 00:56:12]} {[%emt 00:00:10]} b4+ {[%clk
01:05:09]} {[%emt 00:00:21]} 55. Kb3 {[%clk 00:56:35]} {[%emt 00:00:07]} Qd3+
{[%clk 01:05:25]} {[%emt 00:00:15]} 56. Ka2 {[%clk 00:56:53]} {[%emt 00:00:12]}
b3+ {[%clk 01:05:50]} {[%emt 00:00:04]} 57. Ka1 {[%clk 00:57:10]} {[%emt
00:00:13]} Qd1# {[%clk 01:06:17]} {[%emt 00:00:03]} 0-1

[Event "DEM U10 2024"]
[Site "Willingen GER"]
[Date "2024.05.24"]
[Round "10"]
[White "Dutta, Nikhil"]
[Black "Link, Jonas Michael"]
[Result "1/2-1/2"]
[Termination "normal"]
[Board "29"]
[WhiteElo "1283"]
[BlackElo "1187"]
[WhiteClock "01:09:45"]
[BlackClock "01:17:42"]
[PlyCount "79"]
[WhiteFideId "34665501"]
[BlackFideId "533001839"]
[EventCountry "GER"]
[EventRounds "11"]
[EventType "swiss"]
[EventDate "2024.05.18"]

1. e4 {[%clk 01:15:59]} e5 {[%clk 01:15:54]} {[%emt 00:00:07]} 2. Nf3 {[%clk
01:16:25]} {[%emt 00:00:03]} Nc6 {[%clk 01:16:18]} {[%emt 00:00:06]} 3. d4
{[%clk 01:16:51]} {[%emt 00:00:05]} exd4 {[%clk 01:16:43]} {[%emt 00:00:05]} 4.
Nxd4 {[%clk 01:17:15]} {[%emt 00:00:06]} Nf6 {[%clk 01:17:03]} {[%emt
00:00:10]} 5. Nc3 {[%clk 01:17:40]} {[%emt 00:00:05]} Bb4 {[%clk 01:17:25]}
{[%emt 00:00:08]} 6. Nxc6 {[%clk 01:18:04]} {[%emt 00:00:05]} bxc6 {[%clk
01:17:40]} {[%emt 00:00:15]} 7. Bd3 {[%clk 01:18:29]} {[%emt 00:00:05]} d5
{[%clk 01:18:03]} {[%emt 00:00:08]} 8. exd5 {[%clk 01:18:47]} {[%emt 00:00:11]}
cxd5 {[%clk 01:18:20]} {[%emt 00:00:13]} 9. Bg5 {[%clk 01:19:02]} {[%emt
00:00:14]} d4 {[%clk 01:18:12]} {[%emt 00:00:39]} 10. a3 {[%clk 01:19:21]}
{[%emt 00:00:12]} dxc3 {[%clk 01:18:24]} {[%emt 00:00:18]} 11. axb4 {[%clk
01:19:42]} {[%emt 00:00:09]} cxb2 {[%clk 01:18:26]} {[%emt 00:00:27]} 12. Rb1
{[%clk 01:20:00]} {[%emt 00:00:13]} Qe7+ {[%clk 01:18:05]} {[%emt 00:00:50]}
13. Qe2 {[%clk 01:20:09]} {[%emt 00:00:21]} Be6 {[%clk 01:18:15]} {[%emt
00:00:20]} 14. Rxb2 {[%clk 01:20:19]} {[%emt 00:00:21]} O-O {[%clk 01:18:12]}
{[%emt 00:00:32]} 15. Bc4 {[%clk 01:19:44]} {[%emt 00:01:06]} Rae8 {[%clk
01:18:00]} {[%emt 00:00:42]} 16. Bxe6 {[%clk 01:19:52]} {[%emt 00:00:21]} Qxe6
{[%clk 01:18:21]} {[%emt 00:00:09]} 17. Qxe6 {[%clk 01:19:36]} {[%emt
00:00:46]} Rxe6+ {[%clk 01:18:38]} {[%emt 00:00:13]} 18. Kd1 {[%clk 01:19:29]}
{[%emt 00:00:36]} Rfe8 {[%clk 01:18:41]} {[%emt 00:00:28]} 19. c3 {[%clk
01:19:32]} {[%emt 00:00:27]} Ne4 {[%clk 01:18:53]} {[%emt 00:00:18]} 20. Be3
{[%clk 01:19:22]} {[%emt 00:00:40]} Nxc3+ {[%clk 01:19:01]} {[%emt 00:00:22]}
21. Kc2 {[%clk 01:19:10]} {[%emt 00:00:43]} Nd5 {[%clk 01:18:24]} {[%emt
00:01:06]} 22. Bxa7 {[%clk 01:19:11]} {[%emt 00:00:29]} Re2+ {[%clk 01:17:58]}
{[%emt 00:00:56]} 23. Kb3 {[%clk 01:19:19]} {[%emt 00:00:19]} Rxb2+ {[%clk
01:18:14]} {[%emt 00:00:18]} 24. Kxb2 {[%clk 01:19:35]} {[%emt 00:00:13]} Nxb4
{[%clk 01:18:30]} {[%emt 00:00:14]} 25. Kb3 {[%clk 01:19:05]} {[%emt 00:01:01]}
Nc6 {[%clk 01:17:37]} {[%emt 00:01:22]} 26. Be3 {[%clk 01:19:05]} {[%emt
00:00:26]} Rb8+ {[%clk 01:17:24]} {[%emt 00:00:47]} 27. Kc4 {[%clk 01:17:03]}
{[%emt 00:02:33]} Ne5+ {[%clk 01:17:08]} {[%emt 00:00:46]} 28. Kd4 {[%clk
01:15:30]} {[%emt 00:01:58]} Ng4 {[%clk 01:16:55]} {[%emt 00:00:46]} 29. h3
{[%clk 01:14:41]} {[%emt 00:01:20]} Rd8+ {[%clk 01:16:39]} {[%emt 00:00:46]}
30. Kc5 {[%clk 01:13:07]} {[%emt 00:02:01]} Nxe3 {[%clk 01:16:52]} {[%emt
00:00:20]} 31. fxe3 {[%clk 01:13:34]} {[%emt 00:00:03]} h5 {[%clk 01:16:53]}
{[%emt 00:00:29]} 32. Kc6 {[%clk 01:13:55]} {[%emt 00:00:09]} Rd3 {[%clk
01:17:02]} {[%emt 00:00:22]} 33. Kxc7 {[%clk 01:14:06]} {[%emt 00:00:18]} Rxe3
{[%clk 01:17:18]} {[%emt 00:00:14]} 34. Kd6 {[%clk 01:14:10]} {[%emt 00:00:26]}
Re2 {[%clk 01:17:23]} {[%emt 00:00:25]} 35. Rg1 {[%clk 01:13:27]} {[%emt
00:01:14]} f5 {[%clk 01:17:20]} {[%emt 00:00:32]} 36. Kd5 {[%clk 01:11:50]}
{[%emt 00:02:06]} g5 {[%clk 01:17:31]} {[%emt 00:00:21]} 37. g4 {[%clk
01:10:56]} {[%emt 00:01:24]} fxg4 {[%clk 01:17:38]} {[%emt 00:00:22]} 38. hxg4
{[%clk 01:10:49]} {[%emt 00:00:37]} h4 {[%clk 01:17:42]} {[%emt 00:00:27]} 39.
Ra1 {[%clk 01:09:47]} {[%emt 00:01:31]} Re8 {[%emt 00:01:27]} 40. Ra6 {[%clk
01:09:45]} 1/2-1/2